00812nam a2200265 a 450000100060000000300080000600500170001400800410003103500190007204000270009104100080011808200220012609900140014810000280016224500450019025000120023526000380024730000290028550000180031465000200033270000300035294200120038299900170039495201350041166091BD-RJUL20211209081511.0170314s1957 nyua b 001 0 eng  a(BD-RJUL)66221 aDLCcDLCdBD-RJULbeng aeng 223a580bWIB 1957 aQK47.N3961 aWilson, Carl L 916570010aBotany /cCarl L Wilson; Walter E Loomis a3rd ed. aNewyork :bHolt, Rinehart,c1957. a573 p. :bill. ;c28 cm. ainclude index 0aBotany.9165701 aLoomis, Walter E 9165702 2ddccBK c66091d66091 00102ddc40718NFICaRUCLbRUCLcReadingd1963-11-21eEuro Pakg58.40l0o580 WIB 1957r2017-03-14 00:00:00tC-1w2017-03-14yBK